Neuvostoliittoon kuuluneet maat - Äkkikuolema - Statistics

Yleistilastot
  • Tätä visaa on pelattu 2 380 kertaa
  • Keskiarvotulos 9 / 15
Answers on the Grid
Answers color-coded by a green-red scale on the quiz's grid according to % correct below.
Afganistan
Albania
Armenia
Azerbaidžan
Bosnia ja Hertsegovina
Bulgaria
Georgia
Kazakstan
Kiina
Kirgisia
Kosovo
Kroatia
Kuuba
Latvia
Liettua
Moldova
Mongolia
Montenegro
Pohjois-Korea
Pohjois-Makedonia
Puola
Romania
Saksa
Serbia
Slovakia
Slovenia
Tadžikistan
Tšekki
Turkmenistan
Ukraina
Unkari
Uzbekistan
Valko-Venäjä
Venäjä
Vietnam
Viro
 
Vastaustilastot
Vastaus % Oikein
Viro
72%
Venäjä
70%
Valko-Venäjä
69%
Ukraina
67%
Latvia
66%
Liettua
65%
Kazakstan
61%
Azerbaidžan
56%
Georgia
56%
Tadžikistan
55%
Uzbekistan
55%
Kirgisia
53%
Turkmenistan
53%
Armenia
52%
Moldova
47%
Ehtoja vastaavia visoja ei löytynyt
Tulosjakauma
Jokaisen tuloksen saaneiden osuus
Persentiili vastausten määrän mukaan
Tuloshistoriasi
Et ole pelannut tätä visaa